000 00759nam a2200205 a 4500
005 20260308105452.0
008 260205s2026##################000#0#eng##
020 _a9780415230247
_qhbk.
082 0 4 _a306
_bHIG
245 1 0 _aThe everyday life reader /
_cedited by Ben Highmore.
260 _aLondon :
_bRoutledge;
_c2002.
300 _axvi, 373 p. ;
_c22 cm.
504 _aBib and Ref
520 _aThe Everyday Life Reader brings together thinkers ranging from Freud to Baudrillard with primary sources. It thus provides a complete and comprehensive resource on theories of everyday life. - Amazon.
650 _aLife.
650 _aCivilization, Modern - 20th century.
650 _aCulture - Philosophy.
700 _aHighmore, Ben.
942 _cREF
999 _c610276
_d610276